000 01403nam a2200385 i 4500
003 OSt
005 20260121101556.0
008 251231s1991 ua |||f m||| 0|| | eng d
040 _aEG-GICUC
_cEG-GICUC
_dEG-GICUC
_erda
_beng
041 0 _aeng
_beng
_deng
049 _aGift
082 0 4 _221
_a343.062
097 _aPh.D
099 _aLaw 10 PHD 1991
100 1 _aDeibs Shaaban Nabeih Metwally
_eAuthor
245 1 0 _aIndex Of The Criminal Protection For The Right Of Man In Life/
_cBy Shaaban Nabeih Metwally Deibs ; President Mahmoud Mohamed Salama.
264 0 _aEgypt :
_bCairo University - Faculty of Law,
_c1991.
300 _a8 Pages:
_c24 cm.
336 _2rda content
_aText
337 _2rda media
_aunmediated
338 _2rda carrier
_avolume
500 _aeng
502 _aDoctora Thesis - Cairo University , Faculty of Law, Department of Criminal law, 1991.
504 _aIt includes bibliographical references
546 _aText in English and abstract in English.
650 0 4 _aCriminal law
653 0 _a.
655 4 _aUniversity theses
_zCairo University
_xFaculty of Law
700 1 _aSalama Mahmoud Mohamed
_epresenter
710 2 _aCairo University.
_bFaculty of Law
856 _uhttps://fll.law.cu.edu.eg/fulltext/th/T10-04152.pdf
900 _b1991
_UCairo University
_FFaculty of Law
_DDepartment of Criminal law
905 _a64
942 _2ddc
_n0
_cTH
_e21
999 _c53488